[Event "Croatia GCT"]
[Site "Zagreb"]
[Date "2019.07.07"]
[Round "11"]
[White "Nakamura, Hikaru"]
[Black "Anand, Viswanathan"]
[Result "1/2-1/2"]
[WhiteElo "2754"]
[BlackElo "2767"]
[PlyCount "84"]
[EventDate "2019.06.26"]
[EventType "tourn"]
[EventRounds "11"]
[EventCountry "CRO"]
[EventCategory "22"]
[SourceTitle "CBM 191"]
[Source "ChessBase"]
[SourceDate "2019.08.31"]
[SourceVersion "1"]
[SourceVersionDate "2019.08.31"]
[SourceQuality "1"]

1. d4 Nf6 2. c4 e6 3. Nc3 Bb4 4. Qc2 d5 5. cxd5 exd5 6. Bg5 O-O 7. e3 Re8 8. Bd3 ({RR} 8. Nf3 c6 9. Bd3 h6 10. Bh4 Be7 11. O-O Nbd7 12. Rab1 a5 13. a3 Ne4 14. Bxe7 Qxe7 15. b4 axb4 16. axb4 b5 17. Bxe4 dxe4 18. Nd2 Nf6 19. Rfc1 Bd7 20. Nb3 Qxb4 21. Nc5 Qa5 22. N3xe4 Nxe4 {Beliavsky,A (2626)-Koneru,H (2537) Wijk aan Zee 2006 ½-½ (60)}) 8... h6 9. Bxf6 ({RR} 9. Bh4 c5 10. dxc5 d4 11. O-O-O Bg4 12. f3 Rxe3 13. fxg4 g5 14. Bg3 Qa5 15. Ne4 Nbd7 16. Nxf6+ Nxf6 17. Kb1 Bxc5 18. Nf3 Nd5 19. Be1 Qb6 20. Rc1 Ba3 21. Bf5 d3 22. Qb3 d2 23. Qxb6 dxc1=Q+ {Doeserich,J (2010)-Bopp,S (1830) Bamberg GER 2024 ½-½ (42)}) 9... Qxf6 10. Qa4 $146 ({RR} 10. Nge2 c5 11. O-O c4 12. Nxd5 Qg5 13. Bxc4 Bd6 14. Bd3 Qxd5 15. Rac1 Nc6 16. e4 Qg5 17. e5 Bb8 18. f4 Qd8 19. Rfd1 Nb4 20. Qc3 Nxa2 21. Qd2 Nxc1 22. Rxc1 a6 23. f5 Ba7 24. f6 Bxd4+ {Adury,A (1862)-Roque Sola,G (2057) Chess.com INT 2022 0-1 (32)}) ({RR} 10. Nge2 c5 11. O-O c4 12. Nxd5 Qg5 13. Bxc4 Bd6 14. Bd3 Qxd5 15. Rac1 Nc6 16. e4 Qg5 17. e5 Bb8 18. f4 Qd8 19. Rfd1 Nb4 20. Qc3 Nxa2 21. Qd2 Nxc1 22. Rxc1 a6 23. f5 Ba7 24. f6 Bxd4+ {Adury,A (1862)-Roque Sola,G (2057) Chess.com INT 2022 0-1 (32)}) 10... Bxc3+ 11. bxc3 c6 12. Ne2 Bf5 13. Bxf5 Qxf5 14. c4 Nd7 15. cxd5 Qxd5 16. O-O c5 17. Rfd1 Red8 18. Rac1 b6 19. Qa3 Qb7 20. h3 cxd4 21. Rxd4 Nc5 22. Rg4 Ne6 23. Ng3 Rd5 24. e4 Rg5 25. Rd1 Rxg4 26. hxg4 Qc7 27. Nf5 Rd8 28. Rxd8+ Qxd8 29. Qxa7 Qd1+ 30. Kh2 Qxg4 31. Qxb6 Qxe4 32. Ne3 Qe5+ 33. g3 h5 34. Qc6 h4 35. Qe8+ Kh7 36. Qxf7 hxg3+ 37. Kg2 gxf2 38. Qf5+ Qxf5 39. Nxf5 Nc5 40. a4 Nxa4 41. Nxg7 f1=Q+ 42. Kxf1 Kxg7 1/2-1/2

[Event "Norway Chess 3rd"]
[Site "Stavanger"]
[Date "2015.06.21"]
[Round "5"]
[White "Nakamura, Hikaru"]
[Black "Anand, Viswanathan"]
[Result "1/2-1/2"]
[WhiteElo "2802"]
[BlackElo "2804"]
[PlyCount "89"]
[EventDate "2015.06.16"]
[EventType "tourn"]
[EventRounds "9"]
[EventCountry "NOR"]
[EventCategory "22"]
[SourceTitle "CBM 167"]
[Source "ChessBase"]
[SourceDate "2015.07.13"]
[SourceVersion "1"]
[SourceVersionDate "2015.07.13"]
[SourceQuality "1"]

1. d4 {Marin,Mihail} Nf6 2. c4 e6 3. Nc3 Bb4 4. Qc2 O-O 5. a3 Bxc3+ 6. Qxc3 d5 7. e3 ({RR} 7. Bg5 dxc4 8. Qxc4 b6 9. Rd1 Ba6 10. Qa4 Bb7 ({RR} 10... Qd7) 11. f3 Nbd7) ({RR} 7. Nf3 dxc4 8. Qxc4 b6) 7... b6 8. cxd5 ({RR} 8. Nf3 Ba6 ({RR} 8... Bb7) 9. b4) 8... exd5 ({RR} 8... Qxd5 9. f3 ({RR} 9. Be2 c5 10. Bf3 Ne4 11. Qc2 f5 12. Ne2 cxd4 13. exd4 Nc6 14. Be3 Ba6) 9... Ba6 ({RR} 9... Rd8) 10. Bxa6 Nxa6 11. e4 Qb7 12. Bg5 Nd7 13. Ne2) ({RR} 8... Nxd5 9. Qc2 Ba6 10. Bxa6 Nxa6 11. e4 Ne7 12. Bg5 h6 13. Bxe7 Qxe7 14. Qc6 e5 15. Qb5 exd4 16. Qxa6 Qxe4+ 17. Kf1 Rfe8) 9. Bd3 ({RR} 9. Nf3 Ne4 10. Qc2 Bf5) 9... Ba6 ({RR} 9... Ne4 10. Qc2 Bf5 11. Ne2) 10. Bxa6 Nxa6 11. Qd3 ({RR} 11. Nf3 c5) 11... Qc8 12. Ne2 ({RR} 12. b4 c5) 12... c5 13. b3 cxd4 ({RR} 13... Qb7 14. O-O Rac8 15. Bb2) 14. exd4 ({RR} 14. Qxd4 Nc5 15. Qd1 ({RR} 15. Rb1 Qf5) 15... Qa6 16. Nf4 ({RR} 16. O-O Nxb3) 16... d4 ({RR} 16... g5 17. Bb2) ({RR} 16... Rad8 17. b4 ({RR} 17. Bb2 d4 18. Bxd4 Rxd4 19. Qxd4 Nxb3 20. Qb2 Nxa1 21. Qxa1 Qa5+ 22. Ke2 Qb5+) 17... g5 18. bxc5 ({RR} 18. Bb2 d4) 18... gxf4) 17. b4 ({RR} 17. exd4 Rfe8+ 18. Be3 g5 19. Ne2 Nd3+ 20. Kf1 Nd5) 17... dxe3 ({RR} 17... Nd5 18. Nxd5 ({RR} 18. bxc5 Nxf4 19. exf4 Rfe8+ 20. Kd2 bxc5) 18... Nd3+ 19. Kd2 Nxf2 20. Qf1 Ne4+ 21. Ke1 d3) 18. bxc5 Qa5+ 19. Kf1 Rad8 20. Qc2 Qb5+ 21. Ke1 ({RR} 21. Kg1 Qxc5) 21... Qa5+ 22. Kf1 Qb5+ 23. Ke1 Qa5+ {½-½ (23) Carlsen,M (2835)-Kramnik,V (2801) Moscow 2012 CBM 149 [Marin,Mihail]}) ({RR} 14. Nxd4 Nc5 15. Qb5 ({RR} 15. Qe2 Nxb3 16. Nxb3 Qc3+) ({RR} 15. Qb1 Qa6) ({RR} 15. Qc2 Qa6) 15... a6 16. Qxb6 Rb8 17. Qc6 Nxb3 18. Qxc8 Rfxc8) 14... Nc7 15. O-O Ne6 $146 ({RR} 15... Re8 16. f3 Ne6 17. Bd2 Qd7 18. Rfe1 Rac8 19. a4 g6 20. Nc3 h5 21. Re5 Kg7 22. Rae1 Qd6 23. Nb5 Qd7 24. h4 a6 25. Nc3 Qd6 26. Bg5 Nd7 27. R5e2 Nxg5 28. Rxe8 Nh3+ 29. Kf1 Qh2 30. gxh3 {Nakamura,H (2736)-Van Foreest,J (2688) chess24.com INT 2021 ½-½ (34)}) ({RR} 15... Re8 16. f3 Ne6 17. Bd2 Qd7 18. Rfe1 Rac8 19. a4 g6 20. Nc3 h5 21. Re5 Kg7 22. Rae1 Qd6 23. Nb5 Qd7 24. h4 a6 25. Nc3 Qd6 26. Bg5 Nd7 27. R5e2 Nxg5 28. Rxe8 Nh3+ 29. Kf1 Qh2 30. gxh3 {Nakamura,H (2736)-Van Foreest,J (2688) chess24.com INT 2021 ½-½ (34)}) 16. Bd2 Qd7 17. f3 Rac8 18. a4 Rc6 19. Rfc1 Rxc1+ 20. Rxc1 Rc8 21. Ra1 Ne8 22. Nc3 Rc6 23. a5 N8c7 24. f4 g6 25. axb6 axb6 26. Ra7 Ng7 27. Na2 Nge8 28. f5 Qxf5 29. Qxf5 gxf5 30. Nb4 Re6 31. Bf4 Nb5 32. Ra8 Nxd4 33. Nxd5 Kg7 34. Bd2 Rd6 35. Rxe8 Rxd5 36. Bc3 f6 37. Kf1 Nxb3 38. Re7+ Kg6 39. Re6 Nd2+ 40. Bxd2 Rxd2 41. Rxb6 Ra2 42. Rb4 Rd2 43. Ra4 Rb2 44. Rc4 Rd2 45. Ra4 1/2-1/2

[Event "Saint Louis m"]
[Site "Saint Louis"]
[Date "2014.11.21"]
[Round "1"]
[White "Nakamura, Hikaru"]
[Black "Aronian, Levon"]
[Result "1-0"]
[WhiteElo "2767"]
[BlackElo "2797"]
[Annotator "Pavlovic,Milos"]
[PlyCount "95"]
[EventDate "2014.11.21"]
[EventType "match"]
[EventRounds "4"]
[EventCountry "USA"]
[SourceTitle "CBM 164"]
[Source "ChessBase"]
[SourceDate "2015.01.15"]
[SourceVersion "1"]
[SourceVersionDate "2015.01.15"]
[SourceQuality "1"]

1. d4 Nf6 2. c4 e6 3. Nf3 d5 4. Nc3 Bb4 5. Bd2 $5 {A rare idea. White wants to transpose to the Nimzo-Indian which he does, but the d2 line itself is not considered dangerous for Black. But we have a game, which sometimes is for some players more important.} O-O {An attempt to get a pawn which seems to be highly risky for Black:} (5... dxc4 6. e3 Bxc3 7. Bxc3 b5 (7... Qd5 8. Be2 Nc6 9. O-O b5 10. b3 cxb3 11. Qxb3 $5 a6 12. Qb2 O-O 13. Ne5 Bb7 14. Bf3 Ne4 15. Nd3 f5 16. Rfd1 Rab8 17. Nf4 Qd7 18. d5 exd5 19. Rxd5 Nd6 20. Rc5 Nd8 21. Bd1 $36) 8. a4 c6 9. axb5 cxb5 10. b3 O-O 11. bxc4 bxc4 12. Bxc4 Qc7 13. Qb3 Bb7 14. Ba5 Qc8 15. O-O Bxf3 16. gxf3 Nc6 17. Bd2 Rb8 18. Qa4 Rb2 19. Rfd1 Nd5 20. Bf1 Qb7 21. e4 Nb6 22. Qa3 Nd7 23. Be3 $14 {1-0 (46) Reis,C (2366)-Pizzo,R corr. 2006}) 6. e3 {I have extracted some new games played in this line; obviously clear pathways have not yet been established.} Re8 (6... c5 7. a3 (7. dxc5 Bxc5 8. cxd5 (8. Rc1 Nc6 9. cxd5 exd5 10. Be2 d4 11. exd4 Nxd4 12. O-O Nxe2+ 13. Qxe2 Re8 14. Qc4 b6 15. Bg5 Bb7 16. Rfd1 Qc8 $1 $132) 8... exd5 9. Be2 Nc6 10. O-O d4 11. exd4 Nxd4 12. Nxd4 Bxd4 13. Bf3 Be6 14. Qc2 Nd5 15. Nxd5 Bxd5 16. Bxd5 Qxd5 {½-½ (16) Ophoff,R (2062)-Abolina,A (1870) Hockenheim 2007}) 7... Bxc3 8. Bxc3 cxd4 9. Bxd4 Nc6 10. cxd5 Nxd4 11. Qxd4 Qxd5 12. Qxd5 Nxd5 13. Bd3 b6 14. Ke2 Bb7 15. Rac1 Rac8 16. Nd4 a6 17. f3 Rfd8 18. g3 h6 19. Rhd1 Kf8 $11 {½-½ (58) Zvjaginsev,V (2642)-Lysyj,I (2670) Vladivostok 2014}) (6... b6 7. Rc1 dxc4 (7... Bb7 8. cxd5 exd5 9. Bd3 a6 10. O-O Bd6 11. Ne5 c5 12. f4 Nc6 13. Na4 c4 14. Bb1 b5 15. Nc3 b4 16. Na4 a5 17. Be1 Ne8 18. Qh5 g6 19. Qh6 f5 20. g4 Ng7 21. Nf3 Be7 22. h4 fxg4 23. h5 Nxh5 24. f5 Rxf5 25. Bxf5 gxf3 26. Bxg6 hxg6 27. Qxg6+ Ng7 28. Rxf3 Qe8 29. Qg2 Nd8 $1 $17 (29... Nxd4 30. exd4 Qxa4 31. Bg3 $16 {1-0 (44) Sandipan,C (2597)-Agdestein,S (2637) Warsaw 2014}) 30. Bg3 (30. Rg3 $6 Nde6 $19) 30... Nf7 31. Rcf1 Ng5 32. Be5 Ra6 33. Rg3 Rg6 $17) 8. Bxc4 Bb7 9. O-O Nbd7 10. Qe2 c5 11. a3 Bxc3 12. Bxc3 Ne4 13. Rfd1 Nxc3 14. Rxc3 Qe7 15. Ba6 Bxa6 16. Qxa6 cxd4 17. Nxd4 Nc5 18. Qc4 Rad8 19. Rcc1 Qh4 20. Qc2 Qe4 21. Qxe4 Nxe4 22. Nc6 $14 {1-0 (54) Sandipan,C (2603)-Efimenko,Z (2649) Muelheim 2014}) 7. a3 (7. Be2 c6 8. O-O Nbd7 $13) (7. Bd3 Nbd7 8. O-O c5 9. a3 Bxc3 10. Bxc3 cxd4 11. exd4 b6 {with obvious similarities to regular 4.e3 lines in the Nimzo, or even some Bogo-Indian types of position.}) ({RR} 7. Rc1 b6 8. cxd5 exd5 9. a3 Bf8 10. g3 c5 11. Bg2 Ba6 12. Ne2 Nc6 13. dxc5 bxc5 14. O-O Qb6 15. Re1 Rad8 16. Qc2 Bxe2 17. Rxe2 d4 18. Ree1 d3 19. Qa4 Ne4 20. Red1 a6 21. Ng5 Nxg5 {Shankland,S (2720)-Aronian,L (2775) Saint Louis 2022 ½-½ (54)}) 7... Bf8 8. Rc1 Nbd7 ({RR} 8... a6 9. Qb3 dxc4 10. Bxc4 b5 11. Bd3 Nbd7 12. Ne4 Bb7 13. Nc5 Nxc5 14. dxc5 Be4 15. Be2 Qd5 16. Qxd5 exd5 17. O-O Bxf3 18. gxf3 c6 19. Bc3 Nd7 20. b4 g6 21. f4 Bg7 22. Bxg7 Kxg7 23. Rfd1 {Daulet,A (2013)-Barria Zuniga,D (2341) chess.com INT 2025 0-1 (50)}) 9. Be2 $146 ({RR} 9. Bd3 b6 10. cxd5 exd5 11. b4 Bb7 12. O-O a6 13. Qb3 Bd6 14. b5 a5 15. a4 Qe7 16. Ra1 Rac8 17. Bc1 Nf8 18. Ba3 Ng6 19. Rfc1 Ne4 20. Bxd6 Qxd6 21. Ne2 f5 22. g3 h6 23. Rc2 Kh7 {Robson,R (2699)-Iturrizaga Bonelli,E (2615) chess.com INT 2023 1-0 (65)}) ({RR} 9. cxd5 exd5 10. Bd3 c6 11. Qc2 Bd6 12. O-O Qe7 13. Nh4 g6 14. g3 Ne4 15. Ng2 Ndf6 16. f3 Nxd2 17. Qxd2 c5 18. Nb5 cxd4 19. exd4 a6 20. Rfe1 Qd8 21. Nxd6 Qxd6 22. Rxe8+ Nxe8 23. Nf4 Ng7 {Galaviz Medina,S (2454)-Perez Leiva,J (2355) Merida MEX 2023 ½-½ (69)}) 9... a6 (9... dxc4 10. Bxc4 a6 11. e4 $5 (11. a4 b6 12. O-O Bb7 13. Qe2 c5 14. Rfd1 Qc7 15. dxc5 Bxc5 $13) 11... b5 12. Be2 Bb7 13. e5 Ne4 14. Nxe4 Bxe4 15. Ng5 Bd5 16. Bd3 g6 17. h4 $40) 10. c5 c6 11. Na4 Ne4 (11... e5 12. O-O e4 13. Ne1 $13) 12. O-O Nxd2 13. Nxd2 (13. Qxd2 e5 14. b4 e4 15. Ne1 Rb8 16. Nc2 Qh4 17. Nc3 Nf6 18. a4 Ng4 19. h3 Nh6 $13) 13... e5 14. e4 $5 dxe4 {Another possibility for Black gives easier play somehow:} (14... exd4 $5 15. exd5 cxd5 16. Nf3 b5 17. cxb6 Nxb6 18. Nxd4 (18. Nxb6 Qxb6 19. Qxd4 Rb8 $132) 18... Nxa4 19. Qxa4 Bd7 20. Qb3 Qf6 21. Rfd1 Rab8 $132) 15. Nxe4 Qh4 16. f3 exd4 17. Bc4 (17. Qxd4 {This was perhaps a more precise move order: Black can't solve his problems in the event of:} Nf6 (17... f5 18. g3 Qh6 19. Bc4+ Kh8 20. Nd2 Bxc5 21. Nxc5 Nxc5 22. Qxc5 Qxd2 23. Rfd1 Qg5 24. Bf7 $16) 18. Nb6 Rb8 19. Nxc8 Rbxc8 20. Bc4 {can transpose to the game.}) 17... Nf6 {It seems that Black has missed a better move...} (17... Ne5 $1 18. Nb6 Rb8 19. Nxc8 (19. Qxd4 Bf5 20. b4 Bxe4 21. Rcd1 $5 Rbd8 22. Qxe4 Qxe4 23. fxe4 Rxd1 24. Rxd1 Be7 $11) 19... Rbxc8 20. Qxd4 Rcd8 21. Qc3 Kh8 $13) 18. Nb6 Rb8 19. Nxc8 Rbxc8 20. Qxd4 Nxe4 (20... Rcd8 21. Bxf7+ $1 Kh8 22. Qe3 $16) 21. fxe4 {We have entered an opposite-coloured bishop type of position, and it is easy to go astray when evaluating such positions. Pressure on f7 is simply stronger then Black's ability to block the e4-pawn from advancing further.} Rc7 {The alternative was interesting:} (21... Kh8 $5 22. Bxf7 Rxe4 23. Qd7 Rb8 24. b4 $13 {[%cal Gf7a2,Gd7f7]}) 22. Rce1 Rd8 {I am not sure about this move. The alternative looks safer:} (22... g6 23. g3 Qd8 (23... Qg5 24. e5 Bg7 25. Qf4 $1 Qxf4 26. gxf4 Bf8 27. b4 Rd8 28. Re4 $14) 24. Qf2 Ree7 25. e5 Bg7 26. Rd1 Qe8 27. e6 fxe6 28. Rd6 Kh8 29. Qe2 e5 30. Rfd1 Rc8 31. Qe4 $44 {Despite beeing a pawn down White has control of the position but it's not sure if he has more than that.}) 23. Qe3 Qh6 24. b4 $1 Qxe3+ 25. Rxe3 Rd4 26. Bb3 g6 27. Ref3 Rdd7 28. e5 $1 {That's it! The e4-pawn is alive and Black is now in a very difficult position, where good advice is not easy to give.} Re7 29. e6 $16 h5 30. Rf6 Kg7 31. h4 a5 32. R1f3 axb4 33. axb4 Kh7 34. Bc2 Kg7 35. exf7 $18 Rxf7 36. Rxg6+ Kh8 37. Rfg3 Bg7 38. R3g5 Rf4 39. Rxh5+ Kg8 {Black has lost all his pawns on the kingside.} 40. Bf5 Kf8 41. Be6 Ke8 42. g3 Rxb4 43. Kg2 Rb2+ 44. Kh3 Kd8 45. Rhg5 Bc3 46. Rg8+ Ke7 47. Bc4 Rf2 48. Rh5 1-0

[Event "Western States op"]
[Site "Reno"]
[Date "2003.10.18"]
[Round "3"]
[White "Nakamura, Hikaru"]
[Black "Browne, Walter Shawn"]
[Result "1-0"]
[WhiteElo "2631"]
[BlackElo "2540"]
[PlyCount "121"]
[EventDate "2003.10.17"]
[EventType "swiss"]
[EventRounds "6"]
[EventCountry "USA"]
[SourceTitle "EXT 2009"]
[Source "ChessBase"]
[SourceDate "2008.11.26"]
[SourceVersion "1"]
[SourceVersionDate "2008.11.26"]
[SourceQuality "1"]

1. d4 Nf6 2. c4 e6 3. Nc3 Bb4 4. Qc2 O-O 5. a3 Bxc3+ 6. Qxc3 b6 7. Bg5 Bb7 8. e3 d6 9. Ne2 Nbd7 10. Qd3 c5 11. Nc3 h6 12. Bh4 Qe7 13. Rd1 Rad8 ({RR} 13... Rfd8 14. Be2 cxd4 15. Qxd4 Nc5 16. Bxf6 Qxf6 17. Qxf6 gxf6 18. Rd4 Nb3 19. Rh4 Kg7 20. Kd1 d5 21. Kc2 Na5 22. cxd5 Bxd5 23. Nxd5 Rxd5 24. Rd1 Rc8+ 25. Kb1 Rcd8 26. Rxd5 Rxd5 27. Kc2 Rc5+ 28. Kd3 {Bareev,E (2729)-Leko,P (2736) Monte Carlo 2003 ½-½ (79)}) 14. d5 Ne5 15. Qd2 $146 ({RR} 15. Qc2 Ng6 16. Bg3 exd5 17. Nxd5 Nxd5 18. cxd5 f5 19. Be2 Qf6 20. f4 Rde8 21. Bf2 Ne7 22. Bf3 Qf7 23. Qd3 Kh8 24. O-O Ng8 25. e4 Bc8 26. e5 dxe5 27. fxe5 Rxe5 28. Bg3 f4 29. Be4 Bf5 {Jankovic,A (2446)-Cebalo,M (2512) Vukovar 2005 ½-½ (41)}) ({RR} 15. Qc2 Ng6 16. Bg3 exd5 17. cxd5 Nh5 18. Be2 Nxg3 19. hxg3 Bc8 20. O-O Bd7 21. Rde1 Qg5 22. Kh2 Ne5 23. f4 Ng4+ 24. Bxg4 Qxg4 25. f5 Qh5+ 26. Kg1 Rfe8 27. Rf4 Re5 28. e4 Rde8 29. Qf2 f6 {Lipok,C (2193)-Schmittdiel,E (2440) Augsburg 2014 0-1 (49)}) 15... g5 16. Bg3 exd5 17. cxd5 Nh5 18. Be2 Nxg3 19. hxg3 Kg7 20. O-O f5 21. f4 Ng6 22. Bd3 Bc8 23. e4 gxf4 24. gxf4 Qh4 25. Rde1 fxe4 26. Nxe4 Rxf4 27. Qc3+ Ne5 28. Nxd6 Rxf1+ 29. Bxf1 Rxd6 30. Qxe5+ Qf6 31. Qg3+ Qg6 32. Qc3+ Qf6 33. Re7+ Kf8 34. Rxa7 Bf5 35. Qg3 Rxd5 36. Bc4 Rd7 37. Ra8+ Ke7 38. Qe3+ Kd6 39. Bb5 Re7 40. Qf4+ Qe5 41. Qxh6+ Be6 42. Rf8 Kc7 43. Qf4 Qxf4 44. Rxf4 Kd6 45. Rf2 Rg7 46. Be2 c4 47. Bf3 c3 48. bxc3 Ra7 49. Rd2+ Kc5 50. Re2 Bc4 51. Re8 b5 52. Rc8+ Kb6 53. Ra8 Rxa8 54. Bxa8 Ka5 55. Kf2 Ka4 56. Ke3 Kxa3 57. Kd4 Bf1 58. g4 Bh3 59. g5 Bf5 60. Be4 Bd7 61. g6 1-0

[Event "Imre Konig Memorial 1st"]
[Site "San Francisco"]
[Date "2002.09.05"]
[Round "2"]
[White "Nakamura, Hikaru"]
[Black "Browne, Walter Shawn"]
[Result "1-0"]
[WhiteElo "2494"]
[BlackElo "2492"]
[Annotator "Golod,Vitali"]
[PlyCount "55"]
[EventDate "2002.09.04"]
[EventType "tourn"]
[EventRounds "9"]
[EventCountry "USA"]
[EventCategory "12"]
[SourceTitle "CBM 092"]
[Source "ChessBase"]
[SourceDate "2003.02.06"]
[SourceVersion "1"]
[SourceVersionDate "2003.02.06"]
[SourceQuality "1"]

1. d4 {Gelfand,Boris} Nf6 2. c4 e6 3. Nc3 Bb4 4. Qc2 O-O 5. a3 Bxc3+ 6. Qxc3 b6 7. Bg5 Bb7 8. e3 c5 9. dxc5 bxc5 10. f3 Nc6 ({RR} 10... h6 11. Bh4 Nc6) 11. Bd3 ({Has a better prospect for white following continuation:} 11. O-O-O $1 {Gelfand,B-Epishin,V/Belgrade,1999 (1-0)(Gelfand,B)(34)} {RR} Ne4 ({RR} 11... Rc8 12. Nh3 ({RR} 12. Bxf6 gxf6 13. Kb1 d5 14. cxd5 Ne7 15. e4 exd5 16. Qxf6 Rc6 17. Qg5+ Rg6 18. Qh4 Qd7 19. Ne2 Rb6 20. Qg4+ Qxg4 21. fxg4 d4) 12... d5 13. Qc2 h6 14. Bh4 Qe7 15. Nf2 Ne5 16. Bg3 Nfd7 17. e4 f5 18. exf5 exf5 19. Nh3 d4 20. Nf4 Qf7 21. h4 a5 22. a4 Rc6 23. b3 Rb6 24. Bd3) 12. fxe4 Qxg5 13. Rxd7 Rab8 14. Nf3 Qg4 15. Bd3 e5 16. Rd5 Qxg2 17. Rf1 Rbd8 18. Rxc5 f5 19. exf5 e4 20. Ne1 Qxh2 21. Bc2) (11. Nh3 $143 {See comments to Gulko,B-Aleksandrov,A/ Groningen,1997/CBM 63 (½-½)(Psakhis,L)(27)}) ({RR} 11. O-O-O Rb8 12. Nh3 Na5 13. Bxf6 ({RR} 13. Nf4 Nb3+ 14. Qxb3 ({RR} 14. Kb1 Ne4) ({RR} 14. Kc2 Ne4) 14... Bxf3 15. Qxb8 ({RR} 15. Qc2 Bxd1 16. Qxd1 h6 17. Bxf6 Qxf6) 15... Qxb8 16. gxf3 Qe5 17. Nh3 Rb8 18. Rd2 Rb3 19. Bd3 d5) ({RR} 13. Nf2 Bc6 14. Bxf6 Qxf6) 13... gxf6 14. Nf4 e5 ({RR} 14... f5 15. Rg1) ({RR} 14... Bc6 15. Nh5 e5 16. Rd6 ({RR} 16. Qe1 Kh8 17. Qh4)) ({RR} 14... d5 15. Nh5 d4 16. Qe1 Kh8 17. Qh4 Rg8 18. Nxf6 Rg7 19. Bd3) 15. Nh5 Qb6 ({RR} 15... d6 16. Qe1) 16. Nxf6+ Qxf6 17. Qxa5 d6 ({RR} 17... e4 18. Qxc5 exf3 19. Qd4) ({RR} 17... Rfc8) 18. Qc3 Qh6 19. Rd2 Bc8 ({RR} 19... Bc6 20. Bd3 Ba4 21. Bc2) 20. Bd3 f5 21. Bc2 Rb6 22. b4 ({RR} 22. Rhd1 Qxh2 23. Rxd6 Rxd6 24. Rxd6 Qxg2 25. Qxe5) ({RR} 22. g3 Bb7 23. Rf1) 22... cxb4 23. axb4 Be6 24. Rhd1 ({RR} 24. c5) 24... Qxh2 25. Rxd6 Qxg2 {Gelfand,B (2675)-Epishin,V (2585) Belgrade 1999 EXT 2020 [Gelfand,Boris] 1-0 (34)}) 11... h6 $5 ({White in first place had to count with:} 11... Ne4 12. Bxd8 (12. Qxg7+ $2 Kxg7 13. Bxd8 Raxd8 14. Bxe4 d5 $36 {Hass,R-Shereshevski,M/Primorsko,1989(0-1)(31)}) 12... Nxc3 13. Bc7 Rfc8 14. Bd6 Na4 15. b3 Nb6 16. Ne2 $14 {Horvath,C-Gyorkos,L/Zalakaros,1997(1-0(30)}) ({RR} 11... d6 12. Ne2 Qa5 13. Kf2 Qxc3 14. Nxc3 Nd7 15. Rhd1 Nde5 16. Be2 Na5 17. b4 cxb4 18. axb4 Naxc4 19. f4 f6 20. Bh4 Ng6 21. Bxc4 Nxh4 22. Bxe6+ Kh8 23. g3 Ng6 24. Rxd6 a6 25. Na4 Rab8 26. Nc5 {Luch,M (2368)-Niedbala,B (2385) Bydgoszcz 2022 1-0 (95)}) 12. Bh4 d5 $146 ({Was checked in the previous games:} 12... Re8 {;12...a5;12...e4 and 12...c8.}) ({RR} 12... Re8 13. Ne2 Ne4 14. Bxd8 Nxc3 15. Nxc3 Raxd8 16. O-O-O Ba6 17. Ne4 d6 18. Be2 d5 19. Nxc5 Bxc4 20. Bxc4 dxc4 21. Rxd8 Rxd8 22. Rd1 Rd5 23. Rxd5 exd5 24. Kc2 Kf8 25. Kc3 Ke7 26. b3 cxb3 27. Nxb3 {Sharma,A (2285)-Koepcke,R (2285) Chicago 1994 ½-½ (42)}) ({RR} 12... Qa5 13. Bxf6 gxf6 14. Ne2 Rab8 15. O-O-O Qxc3+ 16. Nxc3 Ne5 17. Be2 Rfd8 18. f4 Ng6 19. Bf3 Bxf3 20. gxf3 Kf8 21. Rd6 Nh4 22. Ra6 Rb7 23. Nb5 Ra8 24. Rf1 Ke7 25. Kc2 d5 26. b3 dxc4 27. bxc4 {Jelen,I (2389)-Drei,A (2349) Kastav 1999 1-0 (45)}) 13. Ne2 ({It is clear,that:} 13. Bxf6 Qxf6 14. Qxf6 gxf6 {it could be good only for black.}) 13... d4 ({It looks pretty well:} 13... Ne4 $5 14. Bxd8 Nxc3 15. Bc7 Nxe2 16. Bxe2 Rac8 17. Bd6 Rfd8 18. Bxc5 dxc4 $11) 14. exd4 cxd4 {This move is much better,than:} (14... Nxd4 {[%cal Ge6e5]} 15. Nxd4 cxd4 (15... Qxd4 $143 16. Qxd4 cxd4 17. Kd2 $16 {[%cal Gh1e1]}) 16. Qd2 $14) 15. Qd2 e5 $6 ({I recommended:} 15... a5 $5 {a4}) ({Now it is not that good how it was before:} 15... Ne4 16. Bxd8 Nxd2 17. Kxd2 (17. Bc7 $6 Nb3) 17... Rfxd8 18. b4 $14) 16. Ng3 {[%csl Rf6][%cal Gg3h5]} Ne4 $2 {How was figured out there was no reason to defence from threat h5:} (16... Re8 $5 17. Nh5 $140 $6 Ne4 18. Bxd8 Nxd2 $13) ({Immediately losing the game:} 16... g5 $4 17. Bxg5 hxg5 18. Qxg5+ Kh8 19. Qh6+ Kg8 20. Nh5 $18 Nxh5 $140 21. Qh7#) 17. Bxd8 Nxd2 18. Kxd2 Raxd8 ({It does not make a big changes:} 18... Rfxd8 19. b4 {with obvious advantage of white.}) 19. b4 $16 {At white,already,there is pair of  . For black it is hard to create  in center.} g6 20. Rae1 {[%csl Re5][%cal Gb4b5]} ({In my opinion it looks more logically:} 20. Rhe1) 20... Rfe8 21. Ne4 Re7 ({It does not make a big changes:} 21... Kg7 22. c5 {d6}) 22. c5 Bc8 ({More stubborn resistance after:} 22... Kf8 23. Nd6 Rb8 24. b5 (24. Re2 $142 {he1 and b5.}) 24... Na5 25. c6 Bc8 $16) 23. Nd6 Be6 24. Re2 $1 {[%cal Gh1e1] White brings up their last reserves.} (24. b5 $2 Na5 25. Rxe5 $140 Nb3+ 26. Kc2 Nxc5 27. Rxc5 Rxd6 $14) 24... Kg7 25. Rhe1 $18 {Black can not protect their weak center.} f6 (25... Red7 $144 26. Bb5 Rxd6 27. cxd6 Rxd6 28. Bxc6 Rxc6 29. Rxe5 Rc3 30. Ra5 $18) 26. Bb5 Rc7 27. f4 Bg4 28. Rf2 {[%csl Yc6,Re5][%cal Gb5c6] Further resistance is impossible.} 1-0